000 00503nam a2200181Ia 4500
005 20250508154539.0
008 008 250505s9999 xx 000 0 eng d
037 _aTextual
040 _aFEDL
_beng
_cFEDL
041 _aeng
_2eng
084 _a370.193, MUS
_qFEDL
100 _aMusgrave P.W.
_9696302
245 0 _aSociology of education
260 _aLondon, UK
_bMethuen and Company Limited
_c1965
300 _a278p.
942 _cTEXL
_h370.193, MUS
999 _c1350846
_d1350846